• 首页
  • 本馆介绍
  • 公告通知
  • 最新文献
  • 馆藏检索
  • 电子资源
  • 读者导购
  • 参考咨询
  • 我的图书馆
  • 登录
  • 详细信息显示
  • 放入我的书架
  • 预约/预借图书
  • 作者相关作品
  • 分类相关作品
  • 丛书相关作品
  • 出版社相关作品

书目信息

  • 表格格式
  • 工作单格式
  • 卡片格式
题名:
临床心脏生理学
    
 
作者: 瓦萨尔 , Vassale 著 ;何瑞荣 , 付绍萱 译
分册:  
出版信息: 北京   人民卫生出版社  1978
页数: 219页
开本: 20cm
丛书名:
单 册:
中图分类: R331.3
科图分类:
主题词: 人体生理学-心脏 , 心脏-人体生理学
电子资源:
ISBN: 14048.3649
000 00923nam0 2200301 450
001 0178000708
005 20100712215348.0
010    @a14048.3649@dCNY0.68
091    @a14048.3649
100    @a19950803d1978 em y0chiy0110 ea
101 1  @achi@ceng
102    @aCN@b110000
105    @ay z 000yy
106    @ar
200 1  @a临床心脏生理学@9Lin Chuang Xin Zang Sheng Li Xue @f(美)瓦萨尔(M.Vassale)等著@g何瑞荣,付绍萱译
210    @a北京@c人民卫生出版社@d1978
215    @a219页@d20cm
300    @a书名原文:Cardiae physiology for the clinician
510 1  @aCardiae physiology for the clinician@zeng
606 0  @a人体生理学-心脏
606 0  @a心脏-人体生理学
690    @aR331.3@v3
701  1 @a瓦萨尔@9wa sa er@bM.@4著
701  1 @aVassale@bM.@4著
702  0 @a何瑞荣@9he rui rong@4译
702  0 @a付绍萱@9fu shao xuan@4译
801  0 @aCN@bAzMarc@c20130904
905    @aBZT@dR331.3@e10@f14@sR331.3/10
    
    临床心脏生理学/(美)瓦萨尔(M.Vassale)等著/何瑞荣,付绍萱译.-北京:人民卫生出版社,1978
    219页;20cm
    书名原文:Cardiae physiology for the clinician
    
    ISBN 14048.3649:CNY0.68
    
●
相关链接 在五车中查询图书 在当当中查询图书 在豆瓣中查询图书


正题名:临床心脏生理学     索取号:R331.3/10         预约/预借

序号 登录号 条形码 馆藏地/架位号 状态 备注
1 2000040917   2000040917   旧书回溯/ [索取号:R331.3/10] 在馆    
2 2000040918   2000040918   旧书回溯/ [索取号:R331.3/10] 在馆    
3 2000040919   2000040919   旧书回溯/ [索取号:R331.3/10] 在馆    
4 2000040920   2000040920   旧书回溯/ [索取号:R331.3/10] 在馆    
5 2000040921   2000040921   旧书回溯/ [索取号:R331.3/10] 在馆    
6 2000043398   2000043398   旧书回溯/ [索取号:R331.3/10] 在馆    
7 2000043399   2000043399   旧书回溯/ [索取号:R331.3/10] 在馆    
8 2000043400   2000043400   旧书回溯/ [索取号:R331.3/10] 在馆    
9 2000043401   2000043401   旧书回溯/ [索取号:R331.3/10] 在馆    
10 2000043402   2000043402   旧书回溯/ [索取号:R331.3/10] 在馆    
11 2000043403   2000043403   旧书回溯/ [索取号:R331.3/10] 在馆    
12 2000043404   2000043404   旧书回溯/ [索取号:R331.3/10] 在馆    
13 2000043421   2000043421   旧书回溯/ [索取号:R331.3/10] 在馆    
14 2000043422   2000043422   旧书回溯/ [索取号:R331.3/10] 在馆    
山东省滨州职业学院图书馆 欢迎您!
大连网信软件有限公司© 版权所有